<?xml version="1.0" encoding="UTF-8"?>
<marc:record xmlns:marc="http://www.loc.gov/MARC21/slim">
   <marc:leader>00000nam a2200000 a 4500</marc:leader>
   <marc:datafield ind1="1" ind2=" " tag="100">
      <marc:subfield code="a">Steindamm, Constanze</marc:subfield>
      <marc:subfield code="4">aut</marc:subfield>
      <marc:subfield code="e">Verfasser/-in</marc:subfield>
   </marc:datafield>
   <marc:datafield ind1="1" ind2=" " tag="100">
      <marc:subfield code="a">Tust, Dorothea</marc:subfield>
   </marc:datafield>
   <marc:datafield ind1="0" ind2="0" tag="245">
      <marc:subfield code="a">Ein Corona-Regenbogen für Anna und Moritz</marc:subfield>
   </marc:datafield>
   <marc:datafield ind1="0" ind2="0" tag="245">
      <marc:subfield code="b">mit Tipps für Kinder rund um Covid-19</marc:subfield>
   </marc:datafield>
   <marc:datafield ind1="0" ind2="0" tag="245">
      <marc:subfield code="c">eine Geschichte von Constanze Steindamm ; mit Bildern von Dorothea Tust</marc:subfield>
   </marc:datafield>
   <marc:datafield ind1=" " ind2="1" tag="264">
      <marc:subfield code="a">Hamburg</marc:subfield>
      <marc:subfield code="b">Carlsen</marc:subfield>
      <marc:subfield code="c">2020</marc:subfield>
   </marc:datafield>
   <marc:datafield ind1="1" ind2=" " tag="490">
      <marc:subfield code="a">Lesemaus</marc:subfield>
      <marc:subfield code="v">Band 185</marc:subfield>
   </marc:datafield>
   <marc:datafield ind1=" " ind2=" " tag="250">
      <marc:subfield code="a">[1. Auflage]</marc:subfield>
   </marc:datafield>
   <marc:datafield ind1="1" ind2=" " tag="520">
      <marc:subfield code="a">Anna geht normalerweise in den Kindergarten und Moritz in die erste Klasse der Grundschule. Doch nun bleiben sie mit ihren Eltern zu Hause und sollen ihre Freunde nicht treffen – viele Wochen lang. Das liegt an der neuen Krankheit, die sich auf der ganzen Welt ausbreitet. Doch was ist Corona eigentlich?  &lt;br/&gt;&lt;br/&gt;Die Krankheit Covid-19 und das Corona-Virus werden uns noch lange Zeit begleiten. Gerade für Kinder ist es wichtig zu wissen, wie diese winzigen Lebewesen ihr Leben beeinflussen und warum sie bestimmte Dinge nicht mehr tun sollen: Weder Oma und Opa noch Freunde treffen, nicht mehr auf den Spielplatz gehen, nicht mehr zum Sport gehen, keine Musikschule mehr ... Stattdessen ist es nun noch wichtiger, auf ausführliches Händewaschen zu achten und Abstand zu halten.&lt;br/&gt;&lt;br/&gt;Die wichtigsten Tipps für Kita und Grundschule zum richtigen Verhalten in der Corona-Zeit werden hier leicht verständlich in einer liebevollen Sachgeschichte erzählt. &lt;br/&gt;&lt;br/&gt;Entstanden mit fachlicher Beratung des Bernhard-Nocht-Instituts für Tropenmedizin.&lt;br/&gt;&lt;br/&gt;Inklusive Download-Link zu einem Plakat mit den besten Tipps rund um Covid-19 sowie einem Regenbogen-Ausmalbild!&lt;br/&gt;&lt;br/&gt;Quelle: Thalia.at</marc:subfield>
   </marc:datafield>
   <marc:datafield ind1=" " ind2=" " tag="020">
      <marc:subfield code="a">9783551080103</marc:subfield>
      <marc:subfield code="9">9783551080103</marc:subfield>
   </marc:datafield>
   <marc:datafield ind1=" " ind2=" " tag="041">
      <marc:subfield code="a">ger</marc:subfield>
   </marc:datafield>
   <marc:datafield ind1="1" ind2=" " tag="521">
      <marc:subfield code="a">0</marc:subfield>
   </marc:datafield>
   <marc:datafield ind1=" " ind2=" " tag="300">
      <marc:subfield code="a">circa 24 Seiten</marc:subfield>
   </marc:datafield>
</marc:record>
